000 00431nam a2200193Ia 4500
005 20240823040902.0
008 240823s9999||||xx |||||||||||||| ||und||
020 _a978-81-8357-055-0
041 _aENGLISH
082 _A823
100 _aSen S.
245 4 _aThe Duches of Malfi
250 _alatest
260 _bUnique Publi
500 _aYES
650 _athe duches of mafi
_bGeneral
942 _cBK
999 _c204182
_d204182